Score 0/8 Timer 02:00
0 Plays Today
hint answer % Correct
Is this my first quiz?Yes
82%
Is this the last one?yes
82%
If all trimps are tromps, and all tromps are trumps, then all trumps are definitely trimps. True or FalseTrue
77%
Whats my name?SReaverPrime
72.1%
How many toes doest Meat Loaf have?10
72.1%
What is the capital of Wisconsin?Madison
47.5%
What was the Biggest city of Ancient Mesopotamia?Ur
32.8%
What battle is the movie '300' based on?Battle of Thermopylae
24.6%
Come Together.
Have Fun.
All Virtual.
We all need to come together. Play Sporcle's virtual live trivia to have fun, connect with people, and get your trivia on. Join a live hosted trivia game for your favorite pub trivia experience done virtually. If a virtual private party is more your thing, go here for details.

You're not logged in!

Compare scores with friends on all Sporcle quizzes.
OR
Log In

Sporcle TV

Today on Sporcle TV


Watch our educational content, quiz creation guides, and fun videos on Sporcle TV.

Show Comments

Extras

Created Feb 24, 2011ReportNominate
Tags:Board Games Quiz, Destiny, Extra

Top Quizzes Today


Score Distribution

Paid Content

Your Account Isn't Verified!

In order to create a playlist on Sporcle, you need to verify the email address you used during registration. Go to your Sporcle Settings to finish the process.

Report this User

Report this user for behavior that violates our Community Guidelines.

Details: